ბათუმის შოთა რუსთაველის სახელმწიფო უნივერსიტეტის ბიბლიოთეკა

თამუზის სიზმარი : (ბიბ.ჩანაწერი № 60210)

000 -ლიდერი
ფიქსირებული სიგრძის საკონტროლო ველი 01309nam a22002057a 4500
003 - საკონტროლო ნომრის იდენტიფიკატორი
საკონტროლო ველი Ge_BSU
005 - ბოლო ოპერაციის თარიღი და დრო
საკონტროლო ველი 20230619151502.0
008 - ფიქსირებული სიგრძის მონაცემთა ელემენტები - ზოგადი ინფორმაცია
ფიქსირებული სიგრძის საკონტროლო ველი 230619s1969 ge ||||| |||| 00| 0 geo d
041 ## - ენის კოდი
Language code of text/sound track or separate title geo
080 ## - უნივერსალური ათობითი კლასიფიკაციის ინდექსი
Universal Decimal Classification number 821.341.1-1 თ-26
245 ## - ცნობა სათაურის შესახებ
Title თამუზის სიზმარი :
Remainder of title ძველი შუამდინარული პოეზია /
Statement of responsibility, etc თარგმანი შუმერულიდან და აქადურიდან და წინასიტყვ. ზ. კიკნაძისა
264 ## - წარმოების, გამოცემის, დისტრიბუციის და სხვა ცნობები
გამოცემის, წარმოების, დისტრიბუციის... ადგილი თბილისი :
გამოცემის, წარმოების, დისტრიბუციის... სახელწოდება ნაკადული,
გამოცემის, წარმოების, დისტრიბუციის... თარიღი 1969.
300 ## - ფიზიკური აღწერა
Extent 171გვ. ;
Other physical details 20სმ.
500 ## - ზოგადი შენიშვნა
General note შენიშვნები და ლექსიკონი: გვ.147-169.
653 ## - INDEX TERM--UNCONTROLLED
Uncontrolled term შუამდინარული პოეზია -- თარგმანები ქართულ ენაზე.
653 ## - INDEX TERM--UNCONTROLLED
Uncontrolled term უმერული პოეზია -- თარგმანები ქართულ ენაზე.
653 ## - INDEX TERM--UNCONTROLLED
Uncontrolled term აქადური პოეზია -- თარგმანები ქართულ ენაზე
700 ## - ADDED ENTRY--PERSONAL NAME
Personal name კიკნაძე, ზურაბ
Relator term მთარგმნელი, წინასიტყვაობის ავტორი.
9 (RLIN) 18805
942 ## - ADDED ENTRY ELEMENTS (KOHA)
Source of classification or shelving scheme
Koha item type წიგნი
ეგზემპლარები
ჩამოწერის სტატუსი დაკარგული ეგზემპლარის სტატუსი კლასიფიკაციის წყარო ან თაროზე გაწყობის სქემა დაზიანების სტატუსი არ გაიცემა მუდმივი მდებარეობა (დაცვის ადგილი) ამჟამინდელი ადგილსამყოფელი თაროზე განთავსების ადგილი შეძენის თარიღი ღირებულება, შესყიდვის ნორმალური ფასი სრული შენახვის შიფრი შტრიხკოდი ბოლო ოპერაციის თარიღი ეგზემპლარის მიმდევრობითი ნომერი (კეტერი?) Uniform Resource Identifier ფასის ძალაში შესვლის თარიღი ეგზემპლარის სახეობა საჯარო შენიშვნა
          ბათუმის შოთა რუსთაველის სახელმწიფო უნივერსიტეტის მთავარი ბიბლიოთეკა ბათუმის შოთა რუსთაველის სახელმწიფო უნივერსიტეტის მთავარი ბიბლიოთეკა წიგნსაცავი 2023-06-19 5.00 821.341.1-1 თ-26 64691 2023-06-19 64691 ბსუ-ს საპატიო დოქტორის გურამ ლორთქიფანიძის საჩუქარი 2023-06-19 წიგნი 5 ლ.